| 000 | 00455nam a2200145Ia 4500 | ||
|---|---|---|---|
| 003 | GCL | ||
| 008 | 140319s9999 xx 000 0 ara d | ||
| 040 |
_aGCL / _cGCL |
||
| 082 | 0 | 4 |
_a212.5 _bح م |
| 100 | 1 | _aحيدر قطن | |
| 245 | 1 | 0 |
_aالمسلمة المعاصرة التزام ودعوة. ط1 / _cحيدر قطن |
| 260 |
_a[S.N] : _bدار البشير للثقافة والعلوم الاسلامية ، _c1991 |
||
| 300 | _a126 ص | ||
| 490 | _a | ||
| 999 |
_c53382 _d53382 |
||